Normal view
MARC view
- HIRRA ARSHID
Entry Personal Name
001 - CONTROL NUMBER
- control field: 72585
003 - CONTROL NUMBER IDENTIFIER
- control field: NUST
005 - DATE AND TIME OF LATEST TRANSACTION
- control field: 20210628204832.0
008 - FIXED-LENGTH DATA ELEMENTS
- fixed length control field: 210628|| aca||aabn | a|a d
040 ## - CATALOGING SOURCE
- Original cataloging agency: NUST
- Transcribing agency: NUST
100 ## - HEADING--PERSONAL NAME
- Personal name: HIRRA ARSHID
670 ## - SOURCE DATA FOUND
- Source citation: Work cat.: (NUST): HIRRA ARSHID,, TH-SOF-0936-SELECTION PROCESS OF FACULTY AND THEIR RETENTION IN ENGINEERING INSTITUTIONS, 2001
